Biggest African Cities by Letter - N - Statistics

General Stats
  • This quiz has been taken 237 times
    180 since last reset
  • The average score is 7 of 14
Answer Stats
Pop Country Hint City % Correct
4,397,073 Kenya KICC Tower Nairobi
99%
978,029 Niger Capital city Niamey
96%
951,418 Chad Capital city N'Djamena
95%
958,399 Mauritania Capital city Nouakchott
94%
291,484 South Africa Not upon Tyne Newcastle
68%
319,488 Egypt Satellite city of the capital New {Cairo}
49%
570,674 Kenya Rift Valley center Nakuru
31%
663,212 Mozambique Transportation hub Nampula
31%
492,984 Sudan Darfur region Nyala
28%
451,246 Zambia Copperbelt capital Ndola
24%
231,357 Cameroon Adamawa capital Ngaoundéré
12%
206,449 Mozambique Mozambique Island Nacala-Porto
10%
532,800 Uganda 2nd largest city Nansana
9%
444,000 Nigeria Eshu funerals Nsukka
6%
No matching quizzes found
Score Distribution
Percent of People with Each Score
Percentile by Number Answered
Your Score History
You have not taken this quiz since the last reset